000 00250nam a2200097Ia 4500
005 20251222114342.0
008 251222s1900||||xx |||||||||||||| ||spa||
082 _aDVD0120/D89/1952/Ej.3
245 0 _aCantando bajo la lluvia:Singin in the rain
942 _cDVD
999 _c882
_d882